| 000 | 01549cam a2200373Mi 4500 | ||
|---|---|---|---|
| 001 | 53192 | ||
| 005 | 20230410105509.0 | ||
| 008 | 070328s2007 sp 000 0 spa d | ||
| 035 | _a(OCoLC)ocn122935369 | ||
| 040 |
_aPL# _bspa _cPL# _dC3L _dDRFGD |
||
| 020 | _a842333919X | ||
| 020 | _a9788423339198 | ||
| 035 | _a(OCoLC)122935369 | ||
| 050 | 1 | 4 |
_aHC 427.95 _bB833s 2007 |
| 082 | 0 | 0 | _a330.951 |
| 100 | 1 |
_aBregolat, Eugenio, _d1943- |
|
| 245 | 1 | 3 |
_aLa segunda revolución china / _cEugenio Bregolat. |
| 250 | _a1. ed. | ||
| 260 |
_aBarcelona : _bEdiciones Destino, _c2007. |
||
| 300 |
_a438 p., [12] p. de láminas : _bil. ; _c24 cm. |
||
| 440 | 0 |
_aImago mundi ; _v115 |
|
| 504 | _aIncluye bibliografía e índice. | ||
| 505 | _aDe los colores del gato: la teria de deng xiaoping, p.19 -- El desarrollo económico, p.61 -- Regreso a tiananmen, p.160 -- La Reforma política, p.253 -- Los sucesores de Dng xiaoping, p.318 -- La reforma en china y rusia, p. 328 -- Las relaciones bilaterales hispano-chinas: corrigiendo un error entratégico, p.369 | ||
| 651 | 4 |
_aChina _xCondiciones económicas _ySiglo XX. |
|
| 651 | 4 |
_aChina _xHistoria _ySiglo XX. |
|
| 651 | 4 |
_aChina _xPolítica económica _ySiglo XX. |
|
| 651 | 4 |
_aChina _xPolítica y gobierno _ySiglo XX. |
|
| 651 |
_aChina _xEconomic conditions _y2000-. |
||
| 651 |
_aChina _xEconomic conditions _y1976-2000. |
||
| 651 |
_aChina _xEconomic policy _y2000-. |
||
| 651 |
_aChina _xEconomic policy _y1976-2000. |
||
| 651 |
_aChina _xPolitics and government _y1976-2002. |
||
| 942 |
_2lcc _cbk |
||
| 999 |
_c37917 _d37917 |
||